[Event "European Rapid 2015"]
[Site "Minsk BLR"]
[Date "2015.12.20"]
[Round "8.39"]
[White "Karpov, Vadim"]
[Black "Johannessen, Leif Erlend"]
[Result "1/2-1/2"]
[WhiteTitle "IM"]
[BlackTitle "GM"]
[WhiteElo "2377"]
[BlackElo "2487"]
[WhiteFideId "4155025"]
[BlackFideId "1501674"]
[EventDate "2015.12.19"]

1. Nf3 Nf6 2. c4 b6 3. g3 Bb7 4. Bg2 e6 5. O-O Be7 6. Nc3 O-O 7. d4 Ne4 8. Qc2
Nxc3 9. Qxc3 f5 10. b3 Bf6 11. Bb2 d6 12. Rad1 Qe7 13. Ne1 Bxg2 14. Nxg2 Nd7 15.
Qc2 c5 16. d5 Bxb2 17. dxe6 Be5 18. exd7 Qxd7 19. f4 Bd4+ 20. e3 Bf6 21. Rd5 Be7
22. Rfd1 Qe6 23. h4 Rae8 24. Kh2 Rf7 25. Qd3 Bf8 26. Rd2 Qg6 27. Qe2 Re4 28. Qf3
Qe6 29. R2d3 Rd7 30. Qf2 Rd8 31. h5 Re8 32. Nh4 Rxe3 33. Rxe3 Qxe3 34. Qxe3 Rxe3
35. Nxf5 Re2+ 36. Kh3 Rxa2 37. Nxd6 Bxd6 38. Rxd6 Ra3 39. Rd8+ Kf7 40. Rd7+ Kf8
41. h6 gxh6 42. Rxh7 Rxb3 43. Rxa7 Rb4 44. Rb7 Rxc4 45. Rxb6 Kg7 46. Kh4 Rc1 47.
Rc6 c4 48. Kh5 Rh1+ 49. Kg4 h5+ 50. Kg5 Rh3 51. Rc7+ Kf8 52. Rxc4 Rxg3+ 53. Kf6
Kg8 54. Rc5 h4 55. Rc8+ Kh7 56. f5 h3 57. Rc4 Ra3 1/2-1/2

[Event "European Rapid 2015"]
[Site "Minsk BLR"]
[Date "2015.12.20"]
[Round "8.40"]
[White "Zakhartsov, Vladimir"]
[Black "Nedilko, Vasily"]
[Result "1-0"]
[WhiteTitle "IM"]
[BlackTitle "IM"]
[WhiteElo "2462"]
[BlackElo "2397"]
[WhiteFideId "4145097"]
[BlackFideId "14101459"]
[EventDate "2015.12.19"]

1. Nf3 Nf6 2. c4 g6 3. g3 Bg7 4. Bg2 O-O 5. O-O Nc6 6. d4 d5 7. Ne5 dxc4 8. Nxc6
bxc6 9. Bxc6 Bh3 10. Re1 Rb8 11. Nc3 Ng4 12. e3 e5 13. d5 e4 14. Nxe4 Ne5 15. f3
Bf5 16. Nc3 Nxc6 17. dxc6 Bd3 18. e4 Qd6 19. Nd5 f5 20. Bf4 Qc5+ 21. Be3 Bd4 22.
Qd2 fxe4 23. fxe4 Rf3 24. b4 Rxe3 25. Rxe3 Bxe3+ 26. Qxe3 Qxe3+ 27. Nxe3 Rxb4
28. Nd5 Rb2 29. Re1 Kf7 30. e5 Be2 31. e6+ Kxe6 32. Nf4+ Kd6 33. Rxe2 Rxe2 34.
Nxe2 Kxc6 35. Kf2 Kc5 36. Ke3 Kb4 37. Kd2 1-0

[Event "European Rapid 2015"]
[Site "Minsk BLR"]
[Date "2015.12.20"]
[Round "8.41"]
[White "Smirnov, Alexey"]
[Black "Kochetkov, German"]
[Result "1/2-1/2"]
[BlackTitle "IM"]
[WhiteElo "2455"]
[BlackElo "2338"]
[WhiteFideId "4168437"]
[BlackFideId "13500635"]
[EventDate "2015.12.19"]

1. d4 Nf6 2. c4 c5 3. d5 b5 4. cxb5 a6 5. bxa6 g6 6. Nc3 Bxa6 7. Nf3 d6 8. e4
Bxf1 9. Kxf1 Nbd7 10. h3 Bg7 11. g3 O-O 12. Kg2 Qb6 13. Re1 Qb7 14. Qc2 Nb6 15.
a4 e6 16. dxe6 fxe6 17. Bf4 d5 18. Bd6 Rfc8 19. exd5 exd5 20. b3 d4 21. Nb5 c4
22. Nxd4 Qd5 23. Be5 Nbd7 24. Bxf6 Bxf6 25. Rad1 Ne5 26. Qe2 cxb3 27. Nxb3 Qxf3+
28. Qxf3 Nxf3 29. Kxf3 Rxa4 30. Kg2 Ra2 31. Rd6 Rf8 32. Rf1 Be7 33. Rd3 Ra3 34.
Nc1 Ra4 35. Ne2 Bc5 36. h4 Ba7 37. Nf4 Bb8 38. Ne6 Re8 39. Ng5 h6 40. Nf3 Ra7
41. Rfd1 Rae7 42. Rd7 Kf7 43. R7d3 Kg7 44. Rb1 Ba7 45. Ra1 Rf7 46. Ra2 Ref8 47.
Rad2 Rf5 48. Rd7+ R8f7 49. Rxf7+ Rxf7 50. Rd6 g5 51. hxg5 hxg5 52. Rd5 Kh6 53.
g4 Rf6 54. Rxg5 Bb6 55. Rh5+ Kg6 56. Nh4+ Kf7 57. Rf5 Ke6 58. Rxf6+ Kxf6 59. f4
Ba5 60. g5+ Ke6 61. Kf3 Bd2 62. f5+ Ke5 63. Kg4 Bc3 64. Kh5 Bb4 65. f6 Ke6 66.
Kg6 1/2-1/2

[Event "European Rapid 2015"]
[Site "Minsk BLR"]
[Date "2015.12.20"]
[Round "8.42"]
[White "Kazakovskiy, Valeriy"]
[Black "Bodnaruk, Anastasia"]
[Result "0-1"]
[WhiteTitle "IM"]
[BlackTitle "IM"]
[WhiteElo "2342"]
[BlackElo "2456"]
[WhiteFideId "13507443"]
[BlackFideId "4181751"]
[EventDate "2015.12.19"]

1. d4 d6 2. e4 g6 3. Nc3 Bg7 4. Be3 a6 5. a4 Nf6 6. h3 O-O 7. f4 Nh5 8. Nge2 f5
9. e5 g5 10. g3 c5 11. dxc5 dxe5 12. Qxd8 Rxd8 13. fxg5 Nc6 14. Bg2 e4 15. g4
fxg4 16. hxg4 Bxg4 17. Bxe4 Ne5 18. Nd4 Ng3 19. Bxh7+ Kf8 20. Rg1 Rxd4 21. Rxg3
Rb4 22. Rb1 Nf3+ 23. Kf2 Bxc3 24. Rxg4 Rxg4 25. Kxf3 Rb4 26. b3 Kg7 27. Bd3 Rf8+
28. Ke2 Rh4 29. Rf1 Rh2+ 30. Kd1 Rd8 31. g6 Bf6 32. Rf2 Rh4 33. Ke2 e5 34. Rg2
e4 35. Bc4 Rh5 36. c6 bxc6 37. Bxa6 Bc3 38. Bc4 Rd6 39. Bf7 Rh1 40. Kf2 Rf6+ 41.
Kg3 Rf3+ 42. Kg4 Rxe3 43. Kf4 Ree1 44. Bc4 e3 45. Kf5 Rh5+ 46. Ke4 Re5+ 47. Kd3
Ba5 48. Kd4 Re7 49. Be2 Bb6+ 50. Kd3 Rd7+ 51. Kc3 Rd2 52. Bf3 Ba5+ 53. b4 Bxb4+
54. Kxb4 Rxg2 55. Bxg2 e2 0-1

[Event "European Rapid 2015"]
[Site "Minsk BLR"]
[Date "2015.12.20"]
[Round "8.43"]
[White "Girya, Olga"]
[Black "Terletsky, Oleg"]
[Result "1-0"]
[WhiteTitle "WGM"]
[BlackTitle "FM"]
[WhiteElo "2456"]
[BlackElo "2145"]
[WhiteFideId "4195752"]
[BlackFideId "14116774"]
[EventDate "2015.12.19"]

1. d4 Nf6 2. c4 g6 3. Nc3 Bg7 4. e4 d6 5. Nf3 O-O 6. Be2 e5 7. Be3 Ng4 8. Bg5 f6
9. Bh4 g5 10. Bg3 Nh6 11. h3 Nc6 12. d5 Ne7 13. Bh2 Ng6 14. g4 Nf4 15. Bxf4 gxf4
16. Nh4 c5 17. Nf5 Nxf5 18. exf5 Kf7 19. Ne4 Ke7 20. Qb3 Qa5+ 21. Kf1 a6 22. Kg2
Bd7 23. a4 Qc7 24. a5 Rfb8 25. Qb6 Qxb6 26. axb6 a5 27. Ra3 Ra6 28. Rha1 Rba8
29. Bd1 Rxb6 30. Rxa5 Rxa5 31. Rxa5 Ra6 32. Rxa6 bxa6 33. Nc3 Kd8 34. Kf3 Bf8
35. Ba4 Bc8 36. Bc6 Kc7 37. Ne4 Be7 38. Ke2 Kb6 39. Kd3 a5 40. Kc3 h6 41. Kd3
Ba6 42. Bd7 a4 43. Bxa4 Ka5 44. b3 Kb4 45. h4 Bc8 46. Nc3 Bd8 47. Ne4 Be7 48. f3
Ba6 49. Nc3 Bc8 50. Kc2 Bd8 51. Ne4 Be7 52. Be8 Ba6 53. Nc3 Bc8 54. Kb2 Ba6 55.
Na2+ Ka5 56. Kc3 Bc8 57. Nc1 Ba6 58. Nd3 Bc8 59. Nf2 Ba6 60. Ne4 Bc8 61. Bf7 Bd7
62. Be6 Be8 63. Kc2 Kb4 64. Kb2 Ka5 65. Ka3 Ka6 66. b4 cxb4+ 67. Kxb4 Kb6 68.
Bc8 Kc7 69. Ba6 Bd7 70. Bb5 Bc8 71. Be8 Kb6 72. Bg6 Bd7 73. g5 fxg5 74. f6 Bd8
75. hxg5 hxg5 76. f7 Be7 77. Nxg5 1-0

[Event "European Rapid 2015"]
[Site "Minsk BLR"]
[Date "2015.12.20"]
[Round "8.44"]
[White "Reprintsev, Alexander"]
[Black "Ivanov, Alexander Al."]
[Result "1/2-1/2"]
[WhiteTitle "IM"]
[BlackTitle "GM"]
[WhiteElo "2321"]
[BlackElo "2397"]
[WhiteFideId "14100541"]
[BlackFideId "4126360"]
[EventDate "2015.12.19"]

1. e4 d6 2. d4 Nf6 3. Nc3 e5 4. dxe5 dxe5 5. Qxd8+ Kxd8 6. Bd2 c6 7. O-O-O Ke8
8. f4 Ng4 9. Nh3 Bc5 10. Re1 f6 11. fxe5 Nxe5 12. Nf4 Ke7 13. Be2 Nbd7 14. Rhf1
g6 15. Nd3 Bd6 16. h3 h5 17. Nd1 Nb6 18. Bc3 Be6 19. Kb1 Rhf8 20. Ne3 Rad8 21.
Nf4 Bf7 22. Rd1 Bc5 23. Rxd8 Rxd8 24. Nd1 Na4 25. Ba5 Rd4 26. b3 Bb6 27. Be1 Nc5
28. Bf2 Rxe4 29. Nc3 Rxf4 30. Bxc5+ Bxc5 31. Rxf4 Be3 32. Re4 Bd2 33. Kb2 Be6
34. Bf3 Kf7 35. Re2 Nxf3 36. gxf3 Bxc3+ 37. Kxc3 Bxh3 38. Kd4 Bf5 39. Rh2 Kg7
40. c4 Kh6 41. Re2 h4 42. Re7 h3 43. Re1 g5 44. Ke3 Kg7 45. Kf2 Kf7 46. Kg3 c5
47. Rd1 Ke7 48. Rd5 Bd7 49. Rxc5 Bc6 50. Ra5 a6 51. b4 h2 52. Kxh2 Bxf3 53. Rc5
Be4 54. a4 Kd7 55. a5 Kd6 56. Rc8 Bc6 57. Rb8 f5 58. Rg8 g4 59. Kg3 Ke5 60. Rf8
Kd4 61. b5 axb5 62. cxb5 Bxb5 63. Rxf5 Be2 1/2-1/2

[Event "European Rapid 2015"]
[Site "Minsk BLR"]
[Date "2015.12.20"]
[Round "8.45"]
[White "Pletnev, Evgeniy"]
[Black "Podolchenko, Evgeniy"]
[Result "0-1"]
[BlackTitle "GM"]
[WhiteElo "2235"]
[BlackElo "2427"]
[WhiteFideId "24104140"]
[BlackFideId "13504134"]
[EventDate "2015.12.19"]

1. Nc3 d5 2. e4 e6 3. exd5 exd5 4. Nf3 Nf6 5. d4 Be7 6. Bd3 Bg4 7. h3 Bh5 8. O-O
O-O 9. g4 Bg6 10. Bxg6 hxg6 11. Bf4 Nbd7 12. Re1 Bb4 13. Nd2 c6 14. a3 Bxc3 15.
bxc3 Qa5 16. Qf3 Rfe8 17. Bd6 Qa4 18. Qd3 b5 19. Kg2 Nb6 20. f3 Nc4 21. Nxc4
dxc4 22. Qd2 Nd5 23. h4 Rad8 24. Be5 f6 25. Bg3 Rxe1 26. Rxe1 Qxa3 27. Qe2 Qxc3
28. Qe6+ Kh7 29. h5 Qxc2+ 30. Re2 Qd3 31. hxg6+ Kxg6 32. Re4 Kh7 33. g5 Qd2+ 34.
Kg1 Qc1+ 35. Kg2 Qd2+ 36. Kg1 Qc1+ 37. Kg2 Qd2+ 38. Kg1 Qc1+ 39. Kg2 Qxg5 40.
Rg4 Ne3+ 41. Kf2 Nd5 42. Kg2 Kg6 43. Kf2 Kh7 0-1

[Event "European Rapid 2015"]
[Site "Minsk BLR"]
[Date "2015.12.20"]
[Round "8.46"]
[White "Sarana, Alexey"]
[Black "Minko, Vladimir"]
[Result "1-0"]
[BlackTitle "FM"]
[WhiteElo "2432"]
[BlackElo "2361"]
[WhiteFideId "24133795"]
[BlackFideId "24146706"]
[EventDate "2015.12.19"]

1. Nf3 c5 2. g3 Nc6 3. d4 cxd4 4. Nxd4 Qb6 5. Nb3 Nf6 6. Bg2 e6 7. O-O d5 8. Be3
Qc7 9. N1d2 e5 10. Rc1 h6 11. Bc5 Bxc5 12. Nxc5 O-O 13. c4 d4 14. Qa4 Nd7 15.
Nd3 f5 16. b4 e4 17. Nf4 Nf6 18. Nb3 Rd8 19. Rfd1 g5 20. Nd5 Qe5 21. Nxf6+ Qxf6
22. b5 Ne7 23. c5 Be6 24. Nxd4 Bd5 25. e3 a6 26. b6 Rac8 27. Bf1 f4 28. Bh3 Ra8
29. Bd7 Rf8 30. Rc2 Rad8 31. Rcd2 Kh8 32. Bg4 Ng6 33. c6 bxc6 34. b7 Rb8 35.
Qxa6 Ne5 36. Bc8 Nc4 37. Re2 fxe3 38. Nf5 Qe5 39. Nxe3 Nd6 40. Nxd5 cxd5 41. Qc6
Nxc8 42. Rxd5 Qa1+ 43. Kg2 Ne7 44. Qxh6+ Kg8 45. Rxg5+ Kf7 46. Qh7+ Ke8 47. Qxe4
Qf6 48. Re5 Rf7 49. Qc4 Kf8 50. Qc7 Qc6+ 51. Qxc6 Nxc6 52. Re6 Nd8 53. Re8+ Kg7
54. Rd2 Rf8 55. Rd7+ Nf7 1-0

[Event "European Rapid 2015"]
[Site "Minsk BLR"]
[Date "2015.12.20"]
[Round "8.47"]
[White "Savitski, Andrei"]
[Black "Kupreichik, Viktor D"]
[Result "1/2-1/2"]
[BlackTitle "GM"]
[WhiteElo "2149"]
[BlackElo "2386"]
[WhiteFideId "13506161"]
[BlackFideId "13500066"]
[EventDate "2015.12.19"]

1. b3 e5 2. Bb2 Nc6 3. e3 Nf6 4. Bb5 Bd6 5. c4 O-O 6. Bxc6 dxc6 7. c5 Bxc5 8.
Bxe5 Bd6 9. Bxd6 Qxd6 10. Nf3 c5 11. O-O b6 12. d4 Ba6 13. Re1 Rad8 14. Nc3 cxd4
15. Qxd4 Qc6 16. Qa4 Qxa4 17. Nxa4 c5 18. Rad1 Ne4 19. Rc1 Rd6 20. Nc3 Nxc3 21.
Rxc3 Rfd8 22. Rcc1 f6 23. e4 Bb7 24. e5 Re6 25. exf6 Rxf6 26. Rcd1 Rxd1 27. Rxd1
Bxf3 28. gxf3 Rxf3 29. Rd8+ Rf8 30. Rd7 a5 31. Rb7 Rf6 32. Kg2 Kf8 33. Kg3 Rg6+
34. Kh3 Ke8 35. f4 Kf8 36. f5 Rc6 37. Kg3 a4 38. Kf3 axb3 39. axb3 Rh6 40. Ke4
Rf6 41. Ke5 h5 42. h4 Kg8 43. Kf4 Kh8 44. Rb8+ Kh7 45. Kg5 Rh6 46. Rb7 1/2-1/2

[Event "European Rapid 2015"]
[Site "Minsk BLR"]
[Date "2015.12.20"]
[Round "8.48"]
[White "Fargere, Francois"]
[Black "Reshetnikov, Evgeny"]
[Result "1/2-1/2"]
[WhiteTitle "GM"]
[BlackTitle "FM"]
[WhiteElo "2424"]
[BlackElo "2296"]
[WhiteFideId "615935"]
[BlackFideId "4138210"]
[EventDate "2015.12.19"]

1. Nf3 Nf6 2. g3 d5 3. Bg2 e6 4. c4 dxc4 5. Qa4+ Bd7 6. Qxc4 Bc6 7. O-O Nbd7 8.
d3 Bd5 9. Qc2 c5 10. e4 Bc6 11. Nc3 e5 12. Nh4 Be7 13. Nf5 O-O 14. a3 Re8 15. f4
Bf8 16. Kh1 g6 17. Ne3 Bg7 18. f5 Nb6 19. a4 Rc8 20. a5 Na8 21. Nc4 Nc7 22. Be3
Nb5 23. Nxb5 Bxb5 24. Bh3 Rc7 25. fxg6 hxg6 26. Bg5 Bxc4 27. Qxc4 Qd6 28. Rf3
Nh7 29. Bd2 Nf8 30. Raf1 Ne6 31. Bg4 Qd4 32. Qb5 Qd7 33. Qc4 Qd4 34. Qb5 Qd7 35.
Qc4 Qd4 36. Qb5 Qd7 37. Qc4 Qd4 38. Qa2 c4 39. Bc3 Qc5 1/2-1/2

[Event "European Rapid 2015"]
[Site "Minsk BLR"]
[Date "2015.12.20"]
[Round "9.1"]
[White "Petrosian, Tigran L."]
[Black "Melkumyan, Hrant"]
[Result "1/2-1/2"]
[WhiteTitle "GM"]
[BlackTitle "GM"]
[WhiteElo "2625"]
[BlackElo "2654"]
[WhiteFideId "13301616"]
[BlackFideId "13302485"]
[EventDate "2015.12.19"]

1. Nf3 Nf6 2. d4 d5 3. c4 e6 4. Nc3 Bb4 5. Bg5 h6 6. Bxf6 Qxf6 7. e3 O-O 8. Be2
dxc4 9. Bxc4 c5 10. O-O cxd4 11. exd4 Bxc3 12. bxc3 Nc6 13. Qe2 Rd8 14. Bd3 Bd7
15. Rac1 Rac8 16. Rfd1 Be8 1/2-1/2

[Event "European Rapid 2015"]
[Site "Minsk BLR"]
[Date "2015.12.20"]
[Round "9.5"]
[White "Rakhmanov, Aleksandr"]
[Black "Navara, David"]
[Result "0-1"]
[WhiteTitle "GM"]
[BlackTitle "GM"]
[WhiteElo "2640"]
[BlackElo "2730"]
[WhiteFideId "4173708"]
[BlackFideId "309095"]
[EventDate "2015.12.19"]

1. Nf3 d5 2. g3 c6 3. Bg2 Bg4 4. d4 e6 5. O-O Nd7 6. Nbd2 Ngf6 7. c4 Be7 8. b3
h6 9. Bb2 O-O 10. Qc2 Bf5 11. Qc3 b5 12. Ne5 Rc8 13. Nxd7 Qxd7 14. c5 Ne4 15.
Nxe4 dxe4 16. f3 Qd5 17. fxe4 Bxe4 18. Bxe4 Qxe4 19. d5 e5 20. d6 Bg5 21. Rf3
Rce8 22. Qd3 Qxd3 23. Rxd3 e4 24. Rc3 f5 25. Rf1 f4 26. gxf4 Bxf4 27. Rh3 Re6
28. e3 Rg6+ 29. Kh1 Bxd6 30. Rxf8+ Bxf8 31. b4 Rg4 32. Rh5 g6 33. Re5 Bg7 34.
Re6 Bxb2 35. Rxc6 Bc1 36. h3 Rg3 37. Kh2 Rxe3 38. Rxg6+ Kf7 0-1

[Event "European Rapid 2015"]
[Site "Minsk BLR"]
[Date "2015.12.20"]
[Round "9.6"]
[White "Ragger, Markus"]
[Black "Razin, Vadim"]
[Result "0-1"]
[WhiteTitle "GM"]
[WhiteElo "2687"]
[BlackElo "2345"]
[WhiteFideId "1610856"]
[BlackFideId "14119463"]
[EventDate "2015.12.19"]

1. d4 d5 2. Nf3 c5 3. c4 dxc4 4. e3 Nf6 5. Bxc4 e6 6. O-O Nc6 7. Nc3 Be7 8. Qe2
a6 9. Rd1 Qc7 10. dxc5 Bxc5 11. Bd2 O-O 12. Rac1 Ba7 13. h3 Bd7 14. e4 Nh5 15.
e5 Ng3 16. Qe1 Nf5 17. Bf4 Nfd4 18. Nxd4 Bxd4 19. Qe4 Rfd8 20. Bd3 g6 21. Nd5
exd5 22. Qxd4 Nxd4 23. Rxc7 Ne6 24. Rxb7 Nxf4 25. Bf1 Bb5 26. Bxb5 axb5 27. a3
Rab8 28. Rxb8 Rxb8 29. g3 Nxh3+ 30. Kg2 Ng5 31. Rxd5 Kf8 32. f4 Ne6 33. Kf3 Ke7
34. Ke4 Nc7 35. Rd6 Ra8 36. Rc6 Kd7 37. Rd6+ Ke7 38. Rc6 Ne6 39. Rb6 Ra4+ 40.
Kf3 Nc7 41. Rb7 Kd7 42. Rb6 Ra6 43. Rb8 h5 44. g4 hxg4+ 45. Kxg4 Rc6 46. Rb7 Rc2
47. Kg5 Rxb2 48. Ra7 Kc8 49. Ra5 Kb7 50. a4 Kb6 51. Rxb5+ Nxb5 52. axb5 Rf2 0-1

[Event "European Rapid 2015"]
[Site "Minsk BLR"]
[Date "2015.12.20"]
[Round "9.12"]
[White "Savchenko, Boris"]
[Black "Sychev, Klementy"]
[Result "0-1"]
[WhiteTitle "GM"]
[BlackTitle "IM"]
[WhiteElo "2612"]
[BlackElo "2415"]
[WhiteFideId "4147332"]
[BlackFideId "4114060"]
[EventDate "2015.12.19"]

1. e4 e5 2. Nf3 Nc6 3. Bb5 Nf6 4. d3 d6 5. c3 g6 6. d4 Bd7 7. d5 Ne7 8. Bxd7+
Qxd7 9. Nfd2 Bg7 10. c4 O-O 11. Nc3 Nh5 12. O-O Nf4 13. b4 f5 14. Nb3 fxe4 15.
Nxe4 Nf5 16. g3 Nh5 17. Qd3 Nf6 18. Re1 Nxe4 19. Rxe4 Rf7 20. Bb2 Raf8 21. Rf1
g5 22. Qd2 h6 23. b5 b6 24. a4 Ne7 25. Qe2 Kh8 26. h4 Nf5 27. Nd2 gxh4 28. g4
Ne7 29. f4 Rxf4 30. Rfxf4 Rxf4 31. Rxf4 exf4 32. Ne4 Ng6 33. Nf6 Qe7 34. Qe6
Qxe6 35. dxe6 Bxf6 36. Bxf6+ Kg8 37. Kg2 Kf8 38. Bd8 Ne5 39. Bxh4 Ke8 40. Kh3
Nxc4 41. g5 hxg5 42. Bxg5 Nb2 43. Kg4 Nxa4 44. Kxf4 Nc3 45. Kf5 Nxb5 46. Ke4 c6
47. Bf6 a5 48. Ba1 a4 49. Bb2 a3 50. Ba1 Ke7 51. Kf5 c5 52. Bf6+ Ke8 53. Ke4 Nd4 0-1

[Event "European Rapid 2015"]
[Site "Minsk BLR"]
[Date "2015.12.20"]
[Round "9.13"]
[White "Fedorov, Alexei"]
[Black "Mamedov, Rauf"]
[Result "1/2-1/2"]
[WhiteTitle "GM"]
[BlackTitle "GM"]
[WhiteElo "2563"]
[BlackElo "2650"]
[WhiteFideId "13500465"]
[BlackFideId "13401653"]
[EventDate "2015.12.19"]

1. e4 c5 2. d3 Nc6 3. f4 g6 4. Nf3 Bg7 5. Be2 d6 6. O-O Nf6 7. Qe1 O-O 8. Qh4
Bg4 9. Bd1 e6 10. Nbd2 Nd4 11. Nxd4 Bxd1 12. Nxe6 fxe6 13. Rxd1 Nxe4 14. Qxd8
Bd4+ 15. Kf1 Nxd2+ 16. Bxd2 Raxd8 17. g3 b5 18. c3 Bg7 19. a4 b4 20. cxb4 cxb4
21. Bxb4 Bxb2 22. Rab1 Bd4 23. Kg2 e5 24. Bd2 Rde8 25. Re1 g5 26. Kf3 h5 27. h3
Rf7 28. Rb5 Bc5 29. Reb1 Ree7 30. Rb8+ Kh7 31. Rc8 exf4 32. gxf4 gxf4 33. Rbb8
Bd4 34. Re8 Re5 35. Rh8+ Kg6 36. Rbg8+ Kf6 37. Rf8 Ke7 38. Rxf7+ Kxf7 39. Rh6
Be3 40. Bxe3 fxe3 41. Ke2 d5 42. d4 Re4 43. Ra6 Rxd4 44. Rxa7+ Ke6 45. Kxe3 Rh4
46. a5 Ke5 47. a6 Rxh3+ 48. Ke2 Rh2+ 49. Kd3 Rh3+ 50. Kc2 Ra3 51. Rh7 Rxa6 52.
Rxh5+ Kd4 53. Rh4+ Kc5 54. Rh8 Kc4 55. Rh4+ d4 56. Rh3 Ra2+ 57. Kd1 Rg2 58. Kc1 1/2-1/2

[Event "European Rapid 2015"]
[Site "Minsk BLR"]
[Date "2015.12.20"]
[Round "9.14"]
[White "Tukhaev, Adam"]
[Black "Kovalev, Vladislav"]
[Result "0-1"]
[WhiteTitle "GM"]
[BlackTitle "GM"]
[WhiteElo "2564"]
[BlackElo "2546"]
[WhiteFideId "14109476"]
[BlackFideId "13504398"]
[EventDate "2015.12.19"]

1. e4 e5 2. Nf3 Nc6 3. Bb5 a6 4. Ba4 Nf6 5. d3 b5 6. Bb3 Bc5 7. O-O d6 8. c3 h6
9. Nbd2 Bb6 10. Re1 Ne7 11. Nf1 Ng6 12. Ng3 O-O 13. d4 c5 14. h3 exd4 15. cxd4
c4 16. Bc2 Bb7 17. d5 Nd7 18. Bd2 Nde5 19. Nf5 Nxf3+ 20. Qxf3 Nh4 21. Qg3 Nxf5
22. exf5 Bd4 23. Bxh6 Bxb2 24. Rad1 Qf6 25. Bf4 Qc3 26. Qxc3 Bxc3 27. Re7 Bc8
28. Bxd6 Bf6 29. Re2 Rd8 30. Bc7 Rd7 31. Re8+ Kh7 32. d6 Bb7 33. Rde1 Rxe8 34.
Rxe8 Bc6 35. Rb8 Be5 36. f6+ g6 37. Rf8 Bxf6 38. f4 Kg7 39. Rc8 Bd4+ 40. Kf1 Bb7
41. Rb8 Bd5 42. Re8 c3 43. a3 Bc5 0-1

[Event "European Rapid 2015"]
[Site "Minsk BLR"]
[Date "2015.12.20"]
[Round "9.15"]
[White "Mikhalevski, Victor"]
[Black "Motylev, Alexander"]
[Result "0-1"]
[WhiteTitle "GM"]
[BlackTitle "GM"]
[WhiteElo "2535"]
[BlackElo "2653"]
[WhiteFideId "2801914"]
[BlackFideId "4121830"]
[EventDate "2015.12.19"]

1. c4 c6 2. Nf3 d5 3. e3 Nf6 4. Nc3 e6 5. b3 Bd6 6. d4 O-O 7. Bd3 Nbd7 8. O-O e5
9. cxd5 cxd5 10. Nb5 Bb8 11. dxe5 Nxe5 12. Bb2 Nxf3+ 13. Qxf3 Bg4 14. Bxf6 Qd7
15. Bf5 Bxf5 16. Rfd1 Bg4 17. Rxd5 Bxf3 18. Rxd7 Bc6 0-1

[Event "European Rapid 2015"]
[Site "Minsk BLR"]
[Date "2015.12.20"]
[Round "9.17"]
[White "Bocharov, Dmitry"]
[Black "Smirnov, Alexey"]
[Result "0-1"]
[WhiteTitle "GM"]
[WhiteElo "2558"]
[BlackElo "2455"]
[WhiteFideId "4138716"]
[BlackFideId "4168437"]
[EventDate "2015.12.19"]

1. c4 e5 2. g3 Nf6 3. Bg2 d5 4. cxd5 Nxd5 5. Nc3 Nb6 6. Nf3 Nc6 7. a3 Be7 8. b4
Be6 9. O-O O-O 10. d3 a5 11. b5 Nd4 12. Rb1 f6 13. e3 Nxf3+ 14. Bxf3 Rb8 15. Qc2
Qd7 16. Rd1 Rfd8 17. Bb2 Qe8 18. a4 Qf7 19. Ba1 Ba3 20. Be4 Kh8 21. d4 exd4 22.
exd4 f5 23. Bg2 Nd5 24. Nxd5 Bxd5 25. Bxd5 Rxd5 26. Re1 Rf8 27. Re5 Bd6 28. Rxd5
Qxd5 29. Qb3 Qxb3 30. Rxb3 Re8 31. Kf1 Kg8 32. b6 cxb6 33. Bc3 Bc7 34. Rb5 g6
35. d5 Re4 36. d6 Bd8 37. Bd2 Kf7 38. Be3 Rxa4 39. Bxb6 Bxb6 40. Rxb6 Rb4 0-1

[Event "European Rapid 2015"]
[Site "Minsk BLR"]
[Date "2015.12.20"]
[Round "9.18"]
[White "Roiz, Michael"]
[Black "Girya, Olga"]
[Result "1/2-1/2"]
[WhiteTitle "GM"]
[BlackTitle "WGM"]
[WhiteElo "2594"]
[BlackElo "2456"]
[WhiteFideId "2804158"]
[BlackFideId "4195752"]
[EventDate "2015.12.19"]

1. Nf3 d5 2. e3 Nf6 3. c4 c6 4. d4 Bf5 5. Nc3 e6 6. Nh4 Bg6 7. Nxg6 hxg6 8. Rb1
Nbd7 9. c5 e5 10. b4 Be7 11. g3 exd4 12. exd4 Ne4 13. Nxe4 dxe4 14. Bg2 Nf6 15.
O-O Qd5 16. Bf4 Rd8 17. Qe2 Qe6 18. b5 Nd5 19. bxc6 bxc6 20. Qxe4 Qxe4 21. Bxe4
O-O 22. Bd2 Bf6 23. Ba5 Rd7 24. Rfd1 Re8 25. Bf3 Ne7 26. Rb4 Nd5 27. Ra4 Rb8 28.
Be1 Rb2 29. Ra6 Ne7 30. Bc3 Rc2 31. Ba1 Rc4 32. Bxc6 Nxc6 33. Rxc6 Bxd4 34. Rc8+
Kh7 35. Kg2 Rd5 36. c6 Rd6 37. c7 Be5 38. Re1 Bxa1 39. Rxa1 Rdc6 40. Rb1 Rxc7
41. Rxc7 Rxc7 42. Rb5 Rc2 43. Ra5 g5 44. Rxa7 Kg6 45. Ra4 f6 46. a3 Ra2 47. Kf3
Kf5 48. h3 Ra1 49. Ra5+ Kg6 50. Ke2 Ra2+ 51. Ke3 Kf7 52. g4 Ke6 53. f3 g6 54.
Ra6+ Ke5 55. Ra5+ Ke6 56. Ra8 Ke5 57. Re8+ Kd5 58. Rd8+ Ke5 59. Rd3 f5 60. Rb3
Rh2 61. Rb5+ Kf6 62. Rb6+ Kf7 63. Rb7+ Kf6 64. Rb6+ Kf7 65. a4 Rxh3 66. Rb4 Rh1
67. Kd4 Rf1 68. Rb7+ Ke6 69. Rb6+ Kf7 70. gxf5 gxf5 71. Rb3 Ra1 72. Ke5 Rxa4 73.
Kxf5 Ra5+ 1/2-1/2

[Event "European Rapid 2015"]
[Site "Minsk BLR"]
[Date "2015.12.20"]
[Round "9.19"]
[White "Bodnaruk, Anastasia"]
[Black "Milov, Vadim"]
[Result "0-1"]
[WhiteTitle "IM"]
[BlackTitle "GM"]
[WhiteElo "2456"]
[BlackElo "2615"]
[WhiteFideId "4181751"]
[BlackFideId "1304364"]
[EventDate "2015.12.19"]

1. e4 c5 2. Nf3 e6 3. Nc3 a6 4. g3 d6 5. Bg2 Ne7 6. d4 cxd4 7. Nxd4 Nec6 8. Nde2
b5 9. O-O Bb7 10. b3 Be7 11. Bb2 Nd7 12. Qd2 O-O 13. f4 Nc5 14. g4 b4 15. Nd1 e5
16. Ne3 Re8 17. Nd5 Bf8 18. f5 a5 19. g5 Nd4 20. Nxd4 exd4 21. Rae1 Ba6 22. Rf2
d3 23. Nf6+ gxf6 24. gxf6 Re5 25. Qg5+ Kh8 26. Re3 Nd7 27. Rg3 Nxf6 28. cxd3 h6
29. Qh4 Bg7 30. d4 Re8 31. e5 dxe5 32. dxe5 Qd1+ 33. Bf1 Bxf1 34. Rxf1 Qh5 35.
Qxh5 Nxh5 36. Rh3 Bxe5 37. Bxe5+ Rxe5 38. Rxh5 Kh7 39. Rf2 Rg8+ 40. Kf1 Rg5 41.
Rxg5 hxg5 42. Kg2 Kh6 43. Kg3 Kh5 44. f6 Kg6 45. Kg4 Re4+ 46. Kg3 Re6 47. Rc2
Kxf6 48. Kf3 Kf5 49. h3 Re5 50. Rc7 f6 51. Rc6 Kg6 52. Ra6 Rc5 53. Kg3 Rd5 54.
Kf3 Rc5 55. Kg3 Kf5 56. h4 gxh4+ 57. Kxh4 Ke5 58. Kg4 f5+ 59. Kg5 Kd4 60. Kf4
Kc3 61. Ke3 Kb2 62. Kd4 Rb5 63. Kc4 Re5 64. Kd4 Re4+ 65. Kd3 Kxa2 66. Rxa5+ Kxb3
67. Rxf5 Re8 68. Rd5 Kb2 69. Rb5 b3 70. Kc4 Rc8+ 71. Kd3 Ka2 72. Ra5+ Kb1 73.
Kd2 b2 74. Rh5 Ra8 75. Rb5 Ka1 0-1